|
|
|
|
| LEADER |
02239nam a2200601 i 4500 |
| 001 |
000017304 |
| 003 |
CZ BrMZK |
| 005 |
20260119064446.0 |
| 007 |
ta |
| 008 |
950201s1995 xr e 000 0dcze |
| 015 |
|
|
|a cnb000093745
|
| 020 |
|
|
|a 80-901478-7-9
|q (brožováno)
|
| 040 |
|
|
|a BOA001
|b cze
|e rda
|
| 041 |
0 |
|
|a cze
|b eng
|
| 043 |
|
|
|a e-cs---
|
| 045 |
|
|
|a w5x3
|
| 072 |
|
7 |
|a 316.4/.7
|x Sociální interakce. Sociální komunikace
|2 Konspekt
|9 18
|
| 080 |
|
|
|a 32-051
|2 MRF
|
| 080 |
|
|
|a 316.34:316.356.2
|2 MRF
|
| 080 |
|
|
|a 316.362.1-055.52-055.62
|2 MRF
|
| 080 |
|
|
|a 316.64(=411.16)-021.485
|2 MRF
|
| 080 |
|
|
|a 323.12(=411.16)
|2 MRF
|
| 080 |
|
|
|a (437)
|2 MRF
|
| 080 |
|
|
|a (048.8)
|2 MRF
|
| 100 |
1 |
|
|a Polák, Stanislav,
|d 1936-2017
|7 jn20000710482
|4 aut
|
| 245 |
1 |
0 |
|a Masarykovi rodiče a antisemitský mýtus /
|c Stanislav Polák
|
| 250 |
|
|
|a Vydání první
|
| 264 |
|
1 |
|a Praha :
|b Ústav T.G. Masaryka,
|c 1995
|
| 300 |
|
|
|a 77 stran ;
|c 21 cm
|
| 336 |
|
|
|a text
|b txt
|2 rdacontent
|
| 337 |
|
|
|a bez média
|b n
|2 rdamedia
|
| 338 |
|
|
|a svazek
|b nc
|2 rdacarrier
|
| 500 |
|
|
|a Dostupné též v digitální podobě v aplikaci Kramerius
|
| 504 |
|
|
|a Obsahuje bibliografické odkazy
|
| 546 |
|
|
|a Anglické resumé
|
| 600 |
1 |
7 |
|a Masaryk, Tomáš Garrigue,
|d 1850-1937
|7 jk01080472
|2 czenas
|
| 650 |
0 |
7 |
|a prezidenti
|7 ph124601
|z Československo
|2 czenas
|
| 650 |
0 |
7 |
|a sociální původ
|7 ph196649
|2 czenas
|
| 650 |
0 |
7 |
|a rodiče a děti
|7 ph116053
|2 czenas
|
| 650 |
0 |
7 |
|a antisemitismus
|7 ph118516
|2 czenas
|
| 650 |
0 |
9 |
|a presidents
|z Czechoslovakia
|2 eczenas
|
| 650 |
0 |
9 |
|a social origin
|2 eczenas
|
| 650 |
0 |
9 |
|a parents and children
|2 eczenas
|
| 650 |
0 |
9 |
|a antisemitism
|2 eczenas
|
| 655 |
|
7 |
|a studie
|7 fd133597
|2 czenas
|
| 655 |
|
9 |
|a studies
|2 eczenas
|
| 856 |
4 |
1 |
|u http://www.digitalniknihovna.cz/mzk/uuid/uuid:a06a1120-753e-11eb-9d4f-005056827e52
|y Digitalizovaný dokument
|x NDK
|
| 910 |
|
|
|a BOA001
|b 2-1006.387
|b PK-0122.988
|b KPB-0001.480
|
| 920 |
|
|
|a 000020931
|
| 990 |
|
|
|a BK
|
| 991 |
|
|
|b 202601
|
| 996 |
6 |
|
|b 2610017978
|c 2-1006.387
|l MZK
|r Sklad / do 1 hodiny
|n 21
|p p.v.
|w 000017304
|u 000010
|a 1
|e BOA001
|j MZK50
|s P
|
| 996 |
7 |
|
|b 3119000394
|c PK-0122.988
|l MZK
|r Sklad / do 1 hodiny
|n 17
|p kup
|w 000017304
|u 000020
|a 1
|e BOA001
|j MZK50
|s A
|